Formel 1 Podium 1979 - Statistiken

Allgemein
  • Dieses Quiz wurde 47 mal gespielt
  • Das Durchschnittsergebnis liegt bei 9 aus 13
Antwortstatistiken
Antwort % Korrekt
Alan Jones
94%
Jody Scheckter
94%
Gilles Villeneuve
85%
Carlos Reutemann
82%
Mario Andretti
82%
Jacques Laffite
76%
Rene Arnoux
73%
Patrick Depailler
61%
Didier Pironi
58%
Clay Regazzoni
55%
John Watson
52%
Jean-Pierre Jabouille
48%
Jean-Pierre Jarier
27%
Keine übereinstimmenden Quizze gefunden
Verteilung der Resultate
Anzahl Personen mit jedem Resultat
Perzentil nach korrekt beantworteten Fragen
Ihre Resultats-Entwicklung
Sie haben dieses Quiz noch nicht gespielt